Fancy Vocabulary Quiz #8 - Statistics

General Stats
  • This quiz has been taken 51 times
    4 since last reset
  • The average score is 4 of 10
Answer Stats
Hint Answer % Correct
A small, often dirty house H{ovel}
100%
To free from allegation or blame Vi{ndicate}
100%
Something inconceivably large or great, or relating to astronomy As{tronomical}
75%
To take wrongfully for one's own purposes; to steal Pu{rloin}
75%
Something of, relating to, or derived from gold A{uric}
50%
Something extremely discouraged or depressed De{spondent}
25%
Something dejected or cheerless Di{sconsolate}
0%
Something containing only one set of chromosomes Ha{ploid}
0%
A nearness in blood, place, or time Pr{opinquity}
0%
Something relating to, characterized by, or associated with being old or aging Se{nescent}
0%
No matching quizzes found
Score Distribution
Percent of People with Each Score
Percentile by Number Answered
Your Score History
You have not taken this quiz since the last reset